000
00241nam a2200109Ia 4500
005
20251222175818.0
008
251222s9999||||xx |||||||||||||| ||spa||
082
_a
DVD0070/R14/1994
245
0
_a
El cartero
264
_b
Miramax
942
_c
DVD
999
_c
40373
_d
40373